000 01080nam1a22002411i 4500
001 rc\4581269
005 20240921141616.0
035 _a(NLR Aleph) 008379249
090 _a9107155
_c9107155
100 _a20130416g1959 |||y0rusy50 ca
101 0 _arus
102 _aRU
105 _a z |||||
200 1 _aМатериалы по гидрологии (лимнологии) Карелии
_e[Сборник статей]
_f[Отв. ред. канд. техн. наук С.В. Григорьев]. [1]-4
210 _aПетрозаводск
_cГосиздат Карел. АССР
_d1959-
225 1 _aТруды Карельского филиала Академии наук СССР
300 _aЭкз. РНБ (П2/173): общее загл. отсутствует
702 1 _4340
_7ca
_8rus
_aГригорьев
_bС. В.
_cд-р геогр. наук, гидролог
_f1888-1974
_gСергей Владимирович
_9132966
_3RU\NLR\AUTH\770133000
801 0 _aRU
_bNLR
_gpsbo
801 1 _aRU
_bELAR
_2rusmarc
852 _aNLR
_jП2/173
942 _cBOOK